000 01002nam a2200193 i 4500
001 54519
003 ES-MaACL
005 20230906162952.0
007 t|
008 960723s1845 fr ||||1| fre d
040 _aCAM
_bspa
_cCAM
245 0 0 _aFragments arabes et persans inédits relatifs a l'Inde
_b: antérieurement au XIe siècle de l'ère chrétienne /
_crecueillis par M. Reinaud.
260 _aParis :
_bImprimerie Royale,
_c1845.
300 _aXXXV, 227 p. ;
_c22 cm.
505 8 _aContiene: Préface. - nº. I. Extrait du Modjmel-altevarykii. - nº. II. Extrait du Schah-Nameh [de Ferdoussy]--nº. III. Extrait de l'ouvrage d'Albyrouny sur l'Inde. - nº. IV. Extrait de l'ouvrage d'Albyrouny sur l'Inde. - nº. V. Fragment de Beladori. - Lettre à M. Reinaud ... au sujet des monnaies des rois de Caboul (signed Adrien de Longpérier
651 4 _aIndia-
_xDescripción-
_vObras anteriores a 1800.
_9152346
700 1 _aReinaud, Joseph Toussaint.
_9131675
852 _aES-MaACL
_jG-12340
999 _c54519
_d54519